000 00657nam a2200181Ia 4500
008 090201s9999 xx 000 0 und d
010 _aKPL-66207
040 _bमराठी
041 _aमराठी
082 _a504
_b66207
100 _aजेफ्री आर्चर
245 _aनॉट अ पेनी मोअर नॉट अ पेनी लेस
_cजेफ्री आर्चर
250 _a1
260 _c1999
_bमेहता पब्लिशिंग हाउस
300 _a201
_bमध्यम
600 _aनॉट अ पेनी मोअर नॉट अ पेनी लेस
942 _cBOOK
999 _c201639
_d201639